<?xml version="1.0" encoding="UTF-8"?>
<record
    xmlns:xsi="http://www.w3.org/2001/XMLSchema-instance"
    xsi:schemaLocation="http://www.loc.gov/MARC21/slim http://www.loc.gov/standards/marcxml/schema/MARC21slim.xsd"
    xmlns="http://www.loc.gov/MARC21/slim">

  <leader>02063nam a2200289Ia 4500</leader>
  <controlfield tag="001">K0144</controlfield>
  <controlfield tag="003">IT-RoPAU</controlfield>
  <controlfield tag="008">130308s9999    xx            000 0 und d</controlfield>
  <datafield tag="040" ind1=" " ind2=" ">
    <subfield code="a">IT-RoPAU</subfield>
  </datafield>
  <datafield tag="040" ind1=" " ind2=" ">
    <subfield code="c">IT-RoPAU</subfield>
  </datafield>
  <datafield tag="041" ind1=" " ind2=" ">
    <subfield code="a">ITALIANO</subfield>
  </datafield>
  <datafield tag="100" ind1=" " ind2=" ">
    <subfield code="a">AA.VV.</subfield>
  </datafield>
  <datafield tag="100" ind1=" " ind2=" ">
    <subfield code="g">Codice Aut. SPICS: 12000</subfield>
  </datafield>
  <datafield tag="245" ind1=" " ind2=" ">
    <subfield code="a">Boccioni a Milano</subfield>
  </datafield>
  <datafield tag="245" ind1=" " ind2=" ">
    <subfield code="b">Boccioni a Milano</subfield>
  </datafield>
  <datafield tag="250" ind1=" " ind2=" ">
    <subfield code="a">1a ed.</subfield>
  </datafield>
  <datafield tag="260" ind1=" " ind2=" ">
    <subfield code="a">MILANO</subfield>
  </datafield>
  <datafield tag="260" ind1=" " ind2=" ">
    <subfield code="b">Mazzotta</subfield>
  </datafield>
  <datafield tag="260" ind1=" " ind2=" ">
    <subfield code="c">1982 [1&#xB0; Ed.:1982 - Ed.Ling.Originale:1982]</subfield>
  </datafield>
  <datafield tag="300" ind1=" " ind2=" ">
    <subfield code="a">"368 p. (prefazione: no ; testo: 368 [pagine: 0-0])"</subfield>
  </datafield>
  <datafield tag="500" ind1=" " ind2=" ">
    <subfield code="a">"Catalogo della mostra Tenutasi a Milano, palazzo Reale, Dicembre 1982 Marzo 1983. Boccioni a Milano di G. Ballo. Milano 1881 1914 Citt&#xE0; che Sale. Citt&#xE0; della Produzione di A. Negri. Citt&#xE0; dei Servizi di O. Selvafolta. Citt&#xE0; Attorno a Lui di G. Lopez. Poetica del Dinamismo plastico di P. Quaglino. Futuristi e Musica di G.F. Maffina. Bibliografia. Catalogo con Illustrazioni a Colori e bianco e Nero tra le Quali: Studio di testa Femminile; Madre; Nonna; ritratto di M.Me Sophie Poporf; Pagliaio al Sole; Autoritratto; signora Sacchi; mia Madre; Due vecchie Sedute; Sulla Spiaggia; Sera di Nebbia in Piazza del Duomo; Disastro Minerario di Radboad; Pianto; Vuoti e Pieniastratti di una Testa; Trittico Veneriamo la Madre; manifesto  per Esposizione di Pittura e scultura  a Brunate; Sogno; Studio di testa Femminile; tre Donne; Ex Libris; Portale Monumentale; Studio per Illustrazione; Allegoria Natalizia; Figure; Studio per Beata Solitudo; Campagna; giganti e Pigmei; Mattino; Periferia; Officine a porta Romana; Crepuscolo; gli Uomini; Citt&#xE0; del Sale; Rissa in Galleria; Baruffa; maestra di Scena; Primavera; Risata; strada Entra nella Casa; visioni Simultanee; Stati D'Animo, Addii, quelli che Vanno, quelli che Restano; Elasticita'; forze di una Strada; Studio di donna tra Case; Ecc. + Illustrazioni di Altri Artisti Come Balla, Severini..."</subfield>
  </datafield>
  <datafield tag="650" ind1=" " ind2=" ">
    <subfield code="a">AUTORI/OPERE DI PITTURA</subfield>
  </datafield>
  <datafield tag="650" ind1=" " ind2=" ">
    <subfield code="e">Codice materia Spics: 5207</subfield>
  </datafield>
  <datafield tag="942" ind1=" " ind2=" ">
    <subfield code="c">BK</subfield>
  </datafield>
  <datafield tag="957" ind1=" " ind2=" ">
    <subfield code="7">1</subfield>
  </datafield>
  <datafield tag="999" ind1=" " ind2=" ">
    <subfield code="c">91151</subfield>
    <subfield code="d">91151</subfield>
  </datafield>
  <datafield tag="999" ind1=" " ind2=" ">
    <subfield code="g">1</subfield>
  </datafield>
  <datafield tag="952" ind1=" " ind2=" ">
    <subfield code="0">0</subfield>
    <subfield code="1">0</subfield>
    <subfield code="4">0</subfield>
    <subfield code="6">K_000000000000000_0144</subfield>
    <subfield code="7">1</subfield>
    <subfield code="a">SPICS</subfield>
    <subfield code="b">SPICS</subfield>
    <subfield code="d">2013-03-08</subfield>
    <subfield code="l">0</subfield>
    <subfield code="o">K0144</subfield>
    <subfield code="r">2013-03-08 00:00:00</subfield>
    <subfield code="w">2013-03-08</subfield>
    <subfield code="y">BK</subfield>
    <subfield code="z">Progressivo inserimento:  23958 /  N. Volumi: 1 Copie: 1  / data import: 1 marzo 2013 - By Epidotti, Trombetti, Vaglietti. </subfield>
  </datafield>
</record>
